=LDR 00000nam 2200000 4500 =001 INLIS000000000012168 =005 20201116103132 =035 ##$$a 0010-061300000012168 =008 201116################g##########0#ind## =041 ##$$a Ind =082 ##$$a 580 =090 ##$$a 580, Per t =100 ##$$a Pertiwi, M. Retno =245 1#$$a Teknik melipatgandakan hasil tanaman di areal sempit, /$c M.Retno partwi, M.S. Arun, Agus Irwan =260 ##$$a Semarang :$b C.V. bahagia,$c 1992 =300 ##$$a 63 hlm ; $c 15 x 20 cm =650 #4$$a Tanaman =700 #$$a Arun, M.S =850 ##$$a NBPNMAT =084 ##$$a 580 PER t =990 ##$$a 00034897 =990 ##$$a 69.237/pro-94